000 00210 a2200097 4500
001 48864
100 _aBlackwell
245 _aMaking defense reform work
260 _aWash
_bBrasseys
_c
090 _c31759
_d31759
942 _aNUST-CAE
_cM
_c24179
999 _c283937
_d283937